000 00678nam a2200241Ia 4500
005 20260121112730.0
008 8358 260114s9999 xx 000 0 eng d
020 _a9789812562357
037 _aEBOOK
040 _aCRL
_beng
_cCRL
041 _aeng
_2eng
084 _qCRL
100 _aNieper-Wibkirchen Marc
_9962339
245 0 _aChern Numbers and Rozansky-Witten Invariants of Compact Hyper-Kahler Manifolds
260 _bWorld Scientific
260 _bWSPC
260 _c2004
650 _aMathematics
_9962340
856 _uhttps://www.worldscientific.com/worldscibooks/10.1142/5545#t=toc
942 _cEBOOK
999 _c1545658
_d1545658